000
00300nam a22001337a 4500
008
181016b xxu||||| |||| 00| 0 eng d
020
_a
9780675060004
041
_a
eng
080
_a
510
100
_a
36
101
_a
MAT
245
_a
Advanced Mathematical Concepts
_c
Yunker,L.E
942
_2
udc
_c
BK
999
_c
49905
_d
49905